[Event "AUTO-OPEN-882"]
[Site "http://www.queenalice.com/game.php?id=294934"]
[Date "2007.10.29"]
[Round "1"]
[White "Chazam"]
[Black "chrisnorman"]
[Result "0-1"]
[WhiteElo "1377"]
[BlackElo "1782"]

1. e4 c5 2. c4 d6 3. Nc3 Nc6 4. Nh3 e5 5. g3 Nf6 6. d3 Be7 7. Bd2 Nd4 8. Nd5 O-O
9. Nxe7+ Qxe7 10. Bg2 Bg4 11. Qa4 b6 12. O-O Bxh3 13. Bxh3 Nf3+ 14. Kh1 Nxd2 15.
Rfd1 Nf3 16. b4 Ng5 17. Bg2 Ng4 18. Rd2 Qf6 19. Rf1 Qh6 20. h3 Nxh3 21. Bxh3
Qxh3+ 22. Kg1 Qh2# 0-1

[Event "AUTO-OPEN-882"]
[Site "http://www.queenalice.com/game.php?id=294935"]
[Date "2007.10.29"]
[Round "1"]
[White "chrisnorman"]
[Black "josecastroman"]
[Result "1-0"]
[WhiteElo "1774"]
[BlackElo "1897"]

1. c3 e5 2. d4 exd4 3. Qxd4 d5 4. g3 Nc6 5. Qe3+ Be6 6. Bg2 Nf6 7. Bh3 Qd7 8.
Nf3 h6 9. O-O O-O-O 10. Bxe6 Qxe6 11. Qxe6+ fxe6 12. Rd1 Bc5 13. b4 Bb6 14. a4
a5 15. b5 Ne7 16. Ne5 Rhf8 17. Ba3 Rde8 18. Bxe7 Rxe7 19. Ng6 Ref7 20. Nxf8 Rxf8
21. e3 Ne4 22. Rf1 Bc5 23. Ra2 b6 24. Re2 g5 25. h3 Rf3 26. Nd2 Nxd2 27. Rxd2
Rxg3+ 28. Kh2 Rf3 29. Kg2 Rf6 30. Rc2 Kd7 31. c4 c6 32. Rd1 Kc7 33. Kg3 h5 34.
Rd3 Rf5 35. f4 e5 36. bxc6 exf4+ 37. exf4 dxc4 38. Rxc4 Kxc6 39. fxg5 Rxg5+ 40.
Kh4 Re5 41. Kg3 Kb7 42. Kf4 Re7 43. Rd5 h4 44. Rh5 Bf2 45. Re4 Bg3+ 46. Kf5 Rg7
47. Rg4 Re7 48. Kf6 Rd7 49. Rg7 Kc7 50. Rxd7+ Kxd7 51. Kf5 Kc6 52. Ke4 Bf2 53.
Kd3 Bg3 54. Kc4 Bf2 55. Rh6+ Kd7 56. Rf6 Be3 57. Kb5 Kc7 58. Rf7+ Kd6 59. Rb7
Ke5 60. Rxb6 Bxb6 61. Kxb6 Kf4 62. Kxa5 1-0

[Event "AUTO-OPEN-882"]
[Site "http://www.queenalice.com/game.php?id=294936"]
[Date "2007.10.29"]
[Round "1"]
[White "josecastroman"]
[Black "chrisnorman"]
[Result "1-0"]
[WhiteElo "1878"]
[BlackElo "1791"]

1. e4 d5 2. exd5 Qxd5 3. d4 a6 4. Nc3 Qe6+ 5. Be3 Qg4 6. Nf3 Nf6 7. h3 Qd7 8.
Bc4 Nc6 9. O-O h5 10. Qd2 Ng4 11. Ng5 e6 12. hxg4 hxg4 13. Bf4 Bb4 14. Rae1 Bd6
15. f3 e5 16. dxe5 Bc5+ 17. Rf2 Qxd2 18. Bxd2 g3 19. Be3 Bxe3 20. Bxf7+ Kf8 21.
Rxe3 gxf2+ 22. Kxf2 Bf5 23. e6 Ne7 24. Ne2 g6 25. Nd4 Rd8 26. c3 Rh5 27. f4 c5
28. Nxf5 Nxf5 29. Re2 Ne7 30. Kf3 Rh1 31. a3 Rh6 32. g4 Rd5 33. Ne4 Rh3+ 34. Kg2
Rdd3 35. Nf2 Rdg3+ 36. Kf1 Rh4 37. Ke1 Rg1+ 38. Kd2 Rh2 39. Ke3 Nd5+ 40. Ke4 Nc7
41. Bxg6 Nxe6 42. Kf3 Ng7 43. f5 b6 44. f6 Rh6 45. fxg7+ Kxg7 46. Bf5 Rf6 47.
Re6 Rxe6 48. Bxe6 Re1 49. Bf5 Rb1 50. Bxb1 Kf6 51. Kf4 b5 52. Ne4+ 1-0

[Event "Let's Play Chess!"]
[Site "http://www.queenalice.com/game.php?id=295370"]
[Date "2007.10.30"]
[Round "-"]
[White "chrisnorman"]
[Black "trallala"]
[Result "0-1"]
[WhiteElo "1815"]
[BlackElo "2145"]

1. g3 b6 2. Bg2 Nc6 3. e4 Bb7 4. Ne2 g6 5. d4 Bg7 6. Be3 e5 7. d5 Nce7 8. Nbc3
d6 9. Qd2 f5 10. f3 Nf6 11. O-O-O Qd7 12. Bh3 O-O-O 13. Qd3 Kb8 14. Kb1 fxe4 15.
Nxe4 Qxh3 16. Ng5 Qf5 17. Qxf5 Nxf5 18. Bxb6 axb6 19. Nf7 Bxd5 20. Nxh8 Bxh8 21.
Ng1 Nd4 22. h3 Bxf3 23. Nxf3 Nxf3 24. Rd3 e4 25. Re3 Nd5 0-1

[Event "chess a"]
[Site "http://www.queenalice.com/game.php?id=295398"]
[Date "2007.10.30"]
[Round "-"]
[White "rob0330"]
[Black "chrisnorman"]
[Result "1-0"]
[WhiteElo "1758"]
[BlackElo "1812"]

1. b3 e5 2. Bb2 Nc6 3. e4 d5 4. exd5 Qxd5 5. Nf3 Bg4 6. Bc4 Qe4+ 7. Qe2 Qxe2+ 8.
Bxe2 Bxf3 9. Bxf3 Bd6 10. Bxc6+ bxc6 11. Nc3 Ne7 12. O-O-O O-O 13. f3 Rab8 14.
d4 exd4 15. Ne4 Rfd8 16. Bxd4 Ba3+ 17. Kb1 Nd5 18. Bxa7 Rb5 19. c4 Ra5 20. cxd5
Rxa7 21. dxc6 Raa8 22. Rxd8+ Rxd8 23. Kc2 Bb4 24. Rd1 Ra8 25. Nc3 Bd6 26. g3 g6
27. a4 Ra6 28. Ne4 Rxc6+ 29. Kb2 Be7 30. h4 f5 31. Nf2 Bf6+ 32. Ka3 Rc3 33. Rd3
Be7+ 34. Kb2 Rc5 35. Nd1 Bd6 36. f4 Kg7 37. Ne3 h6 38. b4 Rc6 39. b5 Rb6 40. Kb3
Rb8 41. Kc4 Ra8 42. Kb3 Kf7 43. Nc4 Ke6 44. Nxd6 cxd6 45. Rd4 Kd7 46. Rc4 d5 47.
Rd4 Kd6 48. Kb4 h5 49. a5 Re8 50. a6 Rc8 51. Ka5 Kc5 52. b6 Rc6 53. b7 Rb6 54.
a7 Rb2 55. b8=Q Rxb8 56. axb8=Q Kxd4 57. Qe5+ Kc4 58. Qf6 d4 59. Qxg6 d3 60.
Qxf5 Kc3 61. Qxh5 d2 62. Qd1 1-0

[Event "chess b"]
[Site "http://www.queenalice.com/game.php?id=295399"]
[Date "2007.10.30"]
[Round "-"]
[White "chrisnorman"]
[Black "rob0330"]
[Result "1-0"]
[WhiteElo "1805"]
[BlackElo "1765"]

1. c4 Nf6 2. d4 Nc6 3. Nf3 d6 4. Nbd2 Bf5 5. a3 e5 6. d5 Ne7 7. h3 Ng6 8. e3 e4
9. Nd4 Qd7 10. g4 Nxg4 11. hxg4 Bxg4 12. Qb3 O-O-O 13. Nc6 bxc6 14. c5 cxd5 15.
Ba6# 1-0

[Event "Little truck vs big truck"]
[Site "http://www.queenalice.com/game.php?id=296511"]
[Date "2007.11.1"]
[Round "-"]
[White "chrisnorman"]
[Black "mustangmike"]
[Result "0-1"]
[WhiteElo "1808"]
[BlackElo "1793"]

1. Nc3 e6 2. e4 Nc6 3. Nf3 Bc5 4. d4 Bb4 5. a3 Bxc3+ 6. bxc3 d5 7. e5 h6 8. Be2
Nge7 9. Bd2 Ng6 10. O-O Nce7 11. Bd3 Nf5 12. g3 h5 13. Re1 a6 14. Qe2 h4 15. g4
Nfe7 16. h3 c6 17. Bg5 f5 18. exf6 gxf6 19. Bxf6 Rg8 20. Nxh4 Nxh4 21. Bh7 Rf8
22. Bxh4 Rh8 23. Bg6+ Kd7 24. Bg3 Qg8 25. Bf5 Nxf5 26. gxf5 Ke7 27. Qf3 Rh6 28.
Kh2 Qh8 29. Qg4 Bd7 30. Re3 Rg8 31. f6+ Kf7 32. Qf3 Rxh3+ 33. Kg2 Rh2+ 34. Kg1
Qh3 35. Rd1 e5 36. dxe5 Bg4 37. Rxd5 Bxf3 38. Rd7+ Ke6 39. Re7+ Kd5 40. Rd7+ Kc5
41. Rg7 Qg2# 0-1

[Event "Challenge"]
[Site "http://www.queenalice.com/game.php?id=298260"]
[Date "2007.11.4"]
[Round "-"]
[White "chrisnorman"]
[Black "BboyH"]
[Result "1-0"]
[WhiteElo "1786"]
[BlackElo "1664"]

1. Nf3 d5 2. g3 Nc6 3. Bg2 e5 4. d3 f5 5. Nc3 Nf6 6. O-O d4 7. Nb5 a6 8. Na3 h6
9. e3 Bc5 10. exd4 Bxd4 11. Nxd4 Nxd4 12. Nc4 c6 13. Nxe5 O-O 14. Re1 Re8 15. c3
Nb5 16. a4 Nc7 17. b4 Qd6 18. Nc4 Qd7 19. Nb6 Rxe1+ 20. Qxe1 Qxd3 21. Nxa8 Nxa8
22. Qd2 Qd7 23. Qxd7 Bxd7 24. a5 Nc7 25. Bf4 Ne6 26. Bf3 g5 27. Be5 Nh7 28. Rd1
Be8 29. Rd6 Kf7 30. g4 f4 31. Be4 Nhf8 32. Bf5 Ke7 33. f3 h5 34. h3 h4 35. Kf2
Bf7 36. Ke2 Nd7 37. Bxe6 Nxe5 38. Rd4 Bxe6 39. Rd1 Bd5 40. Rf1 Nc4 41. Kd3 Ne3
42. Rf2 Kd6 43. Kd4 Nd1 44. Rf1 Ne3 45. Rf2 Kc7 46. Ke5 Nd1 47. Rf1 Nxc3 48. Kf5
Na2 49. Kxg5 Nxb4 50. Kxf4 Nd3+ 51. Kg5 Ne5 52. f4 Nf3+ 53. Kh5 b5 54. axb6+
Kxb6 55. f5 c5 56. f6 c4 57. Rxf3 Bxf3 58. f7 c3 59. f8=Q c2 60. Qb4+ Ka7 61.
Qc5+ 1-0

[Event "Let's Play Chess!"]
[Site "http://www.queenalice.com/game.php?id=298292"]
[Date "2007.11.4"]
[Round "-"]
[White "chrisnorman"]
[Black "colognestar"]
[Result "0-1"]
[WhiteElo "1778"]
[BlackElo "2083"]

1. e4 c5 2. c4 Nc6 3. Ne2 Nf6 4. Nbc3 e6 5. g3 Ne5 6. Bg2 Nd3+ 7. Kf1 Ng4 8. Qc2
Ngxf2 9. Rg1 Qf6 10. Nf4 Nxf4 11. gxf4 Ng4 12. d3 Nxh2+ 13. Ke2 h5 14. Nb5 Qd8
15. Bh3 a6 16. Nc3 Qh4 17. Bg2 Ng4 18. Rf1 Qg3 19. Bf3 Be7 20. Kd1 Nh2 21. Ne2
Qh3 22. Ng1 Qxf1+ 23. Kd2 Qxg1 24. Be2 Bh4 25. Kc3 a5 26. b3 Qd4+ 27. Kd2 Qxa1
28. Bd1 Qd4 0-1

[Event "Let's Play Chess!"]
[Site "http://www.queenalice.com/game.php?id=298293"]
[Date "2007.11.4"]
[Round "-"]
[White "colognestar"]
[Black "chrisnorman"]
[Result "1-0"]
[WhiteElo "2056"]
[BlackElo "1785"]

1. d4 Nf6 2. Nc3 d5 3. Bg5 Bf5 4. Nf3 Nc6 5. e3 e6 6. a3 Bd6 7. Bd3 O-O 8. Bxf5
exf5 9. Nxd5 Be7 10. Nxe7+ Qxe7 11. Qd3 Rfe8 12. O-O Qe6 13. c4 Rad8 14. b4 Rd7
15. d5 Ne5 16. dxe6 Nxf3+ 17. gxf3 Rxd3 18. Bxf6 gxf6 19. exf7+ Kxf7 20. Rfd1
Red8 21. Rxd3 Rxd3 22. Kf1 f4 23. Ke2 Rd7 24. Rd1 Re7 25. Rd4 fxe3 26. fxe3 c6
27. Kd3 Re5 28. Rh4 Kg7 29. f4 Re7 30. f5 b6 31. Rd4 Re5 32. e4 Re7 33. Rd6 Rc7
34. Kd4 c5+ 35. bxc5 bxc5+ 36. Kd5 Kf7 37. Rc6 Rxc6 38. Kxc6 Kg7 39. Kxc5 Kh6
40. Kd6 Kg5 41. c5 1-0

[Event "Big truck vs Little truck part d"]
[Site "http://www.queenalice.com/game.php?id=303804"]
[Date "2007.11.14"]
[Round "-"]
[White "mustangmike"]
[Black "chrisnorman"]
[Result "1-0"]
[WhiteElo "1853"]
[BlackElo "1797"]

1. e4 e5 2. Nf3 d5 3. exd5 Bd6 4. d3 Nf6 5. c4 Nbd7 6. a3 a5 7. Be2 b6 8. O-O
O-O 9. Nc3 Nc5 10. a4 Re8 11. Bg5 Bf5 12. Nb5 e4 13. dxe4 Ncxe4 14. Bxf6 Qxf6
15. Nxd6 Nxd6 16. b3 Be4 17. Rc1 Qg6 18. g3 Nf5 19. Bd3 Re7 20. Bxe4 Rxe4 21.
Qd3 Rae8 22. Rfe1 Nd6 23. Rxe4 Rxe4 24. c5 bxc5 25. Rxc5 h5 26. h4 f5 27. Ng5
Re7 28. Rxa5 Qe8 29. Kg2 Ne4 30. d6 cxd6 31. Qd5+ Kh8 32. Ra8 Nf6 33. Qa5 Qxa8+
34. Qxa8+ Re8 35. Qc6 d5 36. a5 d4 37. a6 d3 38. Nf3 Rd8 39. Nd2 Ne4 40. Qc7 Ra8
41. a7 Nxd2 42. Qb7 Rxa7 43. Qxa7 Ne4 44. Kf1 d2 45. Ke2 g5 46. hxg5 1-0

[Event "Challenge"]
[Site "http://www.queenalice.com/game.php?id=310948"]
[Date "2007.11.27"]
[Round "-"]
[White "chrisnorman"]
[Black "mustangmike"]
[Result "1-0"]
[WhiteElo "1783"]
[BlackElo "1877"]

1. b3 Nf6 2. Bb2 d6 3. g3 e5 4. Bg2 c5 5. e3 Nbd7 6. Ne2 d5 7. d4 Bd6 8. Nbc3
Nb6 9. O-O O-O 10. a4 exd4 11. exd4 Re8 12. a5 Nbd7 13. Nxd5 Nxd5 14. Bxd5 Qe7
15. Bc4 Nf6 16. Re1 Qc7 17. d5 Re7 18. Bd3 Qd7 19. c4 Qh3 20. Bxf6 gxf6 21. Nc3
Bg4 22. Be2 f5 23. Bxg4 fxg4 24. Ne4 Be5 25. Rb1 Rae8 26. Qc2 Bd4 27. Re2 f5 28.
Nf6+ Bxf6 29. Rxe7 Rxe7 30. Qxf5 Kf7 31. d6 Re6 32. Rd1 Re5 33. Qf4 Re8 34. d7
Rd8 35. Rd6 1-0

[Event "Challenge"]
[Site "http://www.queenalice.com/game.php?id=314698"]
[Date "2007.12.4"]
[Round "-"]
[White "mustangmike"]
[Black "chrisnorman"]
[Result "1-0"]
[WhiteElo "1864"]
[BlackElo "1868"]

1. e4 b6 2. d4 Bb7 3. Bd3 Nc6 4. Nf3 d5 5. e5 e6 6. O-O h6 7. Be3 f6 8. Bg6+ Kd7
9. a3 f5 10. Ne1 Ba6 11. Nd3 Nge7 12. Qh5 Nxg6 13. Qxg6 Ne7 14. Qh5 g6 15. Qd1
Nc6 16. c3 h5 17. Qc2 g5 18. Rd1 f4 19. Bd2 Be7 20. Be1 Qg8 21. Qa4 Bc4 22. b3
b5 23. Qa6 Bxb3 24. Rc1 Bc4 25. Nb4 Bxb4 26. cxb4 Rb8 27. Rc3 Rb6 28. Qxb6 cxb6
29. Nd2 Nxd4 30. Kh1 Qg7 31. Nf3 Nxf3 32. Rxf3 Qxe5 33. Bc3 d4 34. Re1 Be2 35.
Rd3 Qe4 36. Rxd4+ Qxd4 37. Bxd4 Rc8 38. h4 Bc4 39. hxg5 Rg8 40. Bf6 Kd6 41. Re4
a5 42. Rxf4 1-0

[Event "Challenge"]
[Site "http://www.queenalice.com/game.php?id=319002"]
[Date "2007.12.12"]
[Round "-"]
[White "chrisnorman"]
[Black "rob0330"]
[Result "1/2-1/2"]
[WhiteElo "1859"]
[BlackElo "1752"]

1. e4 e5 2. Nf3 Nc6 3. Bb5 f5 4. Nc3 Nf6 5. exf5 d5 6. Bxc6+ bxc6 7. Nxe5 Qe7 8.
d4 Bxf5 9. Bg5 h6 10. Bf4 Ng4 11. h3 Nxf2 12. Qh5+ g6 13. Qe2 Nxh1 14. O-O-O g5
15. Bh2 Bg7 16. Qh5+ Kf8 17. Rf1 Bxe5 18. Rxf5+ Bf6 19. Be5 Ng3 20. Bxg3 Kg7 21.
Be5 Bxe5 22. dxe5 Rhf8 23. Qg4 Rxf5 24. Qxf5 Rf8 25. Qd3 Qxe5 26. b3 d4 27. Ne4
Rf4 28. Ng3 Qe3+ 29. Qxe3 dxe3 30. Nh5+ Kg6 31. Nxf4+ gxf4 32. Kd1 Kh5 33. Ke2
Kh4 34. Kf3 e2 35. Kxe2 Kg3 36. Kf1 f3 37. gxf3 Kxf3 38. c4 Kg3 39. Kg1 Kxh3 40.
Kh1 Kg3 41. Kg1 h5 42. a4 a5 43. Kf1 h4 44. Kg1 h3 45. c5 Kf3 46. Kh2 Ke3 47.
Kxh3 Kd3 48. b4 axb4 49. a5 b3 50. a6 b2 51. a7 b1=Q 52. a8=Q Qh1+ 53. Kg4 Qe4+
54. Kh5 Kd4 55. Qa4+ Kd5 56. Qa5 Qf5+ 57. Kh4 Qf2+ 58. Kg4 Qxc5 59. Qxc7 Qd6 60.
Qf7+ Qe6+ 61. Qxe6+ Kxe6 62. Kf4 Kd5 63. Ke3 c5 64. Kd3 c4+ 65. Kc3 Kc5 66. Kc2
Kb4 1/2-1/2

[Event "Challenge"]
[Site "http://www.queenalice.com/game.php?id=319003"]
[Date "2007.12.12"]
[Round "-"]
[White "rob0330"]
[Black "chrisnorman"]
[Result "0-1"]
[WhiteElo "1765"]
[BlackElo "1844"]

1. Nf3 d5 2. c4 Nf6 3. Nc3 d4 4. Nb5 Nc6 5. e3 d3 6. Qb3 Bf5 7. Nfd4 Nxd4 8.
Nxd4 Qd7 9. Qxb7 Be4 10. Qb3 e5 11. f3 Bg6 12. Nb5 c6 13. Nc3 e4 14. fxe4 Nxe4
15. Nd1 Nc5 16. Qc3 Ne6 17. Nf2 Nf4 18. Qe5+ Ne6 19. Qc3 Nc5 20. b4 Ne4 21. Qxd3
Nxf2 22. Qxd7+ Kxd7 23. Kxf2 Bxb4 24. d4 Rhe8 25. d5 Bc3 26. dxc6+ Kxc6 27. g3
Bxa1 28. Bg2+ Be4 29. Bxe4+ Rxe4 30. Bd2 Bf6 31. Rc1 Rb8 32. Kf3 Rbe8 33. h4 Kc5
34. a3 Rxc4 35. Bb4+ Kb5 36. Rb1 Ka4 37. e4 Rexe4 38. h5 a5 39. Bd2 Re5 40. g4
Bd8 41. Rd1 Kxa3 42. Bf4 Re8 43. Rd3+ Ka4 44. Be3 Kb5 45. Rd5+ Kc6 46. Rf5 Rc3
47. Rxf7 Rcxe3+ 48. Kg2 R3e7 49. Rf3 Re2+ 50. Kh3 R8e3 0-1

[Event "Challenge"]
[Site "http://www.queenalice.com/game.php?id=323379"]
[Date "2007.12.20"]
[Round "-"]
[White "Rapha66"]
[Black "chrisnorman"]
[Result "1-0"]
[WhiteElo "1622"]
[BlackElo "1764"]

1. d4 d5 2. e3 Nc6 3. Bb5 a6 4. Bxc6+ bxc6 5. Nc3 Nf6 6. h3 e6 7. a3 Bd6 8. Nf3
O-O 9. O-O Rb8 10. Re1 h6 11. e4 dxe4 12. Nxe4 Nxe4 13. Rxe4 1-0

[Event "AUTO-ADV-748"]
[Site "http://www.queenalice.com/game.php?id=324709"]
[Date "2007.12.23"]
[Round "1"]
[White "Number9"]
[Black "chrisnorman"]
[Result "1-0"]
[WhiteElo "1738"]
[BlackElo "1852"]

1. d4 b6 2. e4 Bb7 3. Nc3 e6 4. f3 Nf6 5. Bc4 c5 6. Nge2 Be7 7. d5 O-O 8. d6 Nc6
9. Bf4 e5 10. Bg5 h6 11. dxe7 Qxe7 12. Nd5 hxg5 13. Nxe7+ 1-0

[Event "AUTO-ADV-748"]
[Site "http://www.queenalice.com/game.php?id=324710"]
[Date "2007.12.23"]
[Round "1"]
[White "chrisnorman"]
[Black "Number9"]
[Result "0-1"]
[WhiteElo "1831"]
[BlackElo "1759"]

1. c4 e5 2. Nc3 Nf6 3. e4 c6 4. Nf3 Bb4 5. Nxe5 O-O 6. Nd3 Bxc3 7. dxc3 Nxe4 8.
Be2 Re8 9. O-O d6 10. Bf3 Bf5 11. Re1 Nd7 12. h3 Qh4 13. Be3 Nb6 0-1

[Event "AUTO-ADV-748"]
[Site "http://www.queenalice.com/game.php?id=324723"]
[Date "2007.12.23"]
[Round "1"]
[White "PLDunton"]
[Black "chrisnorman"]
[Result "1-0"]
[WhiteElo "1924"]
[BlackElo "1812"]

1. e4 e5 2. Nf3 Nc6 3. Bc4 Nf6 4. Nc3 d6 5. d4 Be7 6. O-O Bg4 7. Be2 Bxf3 8.
Bxf3 Nxd4 9. Be3 c5 10. Bxd4 cxd4 11. Nd5 Nxd5 12. exd5 O-O 13. c4 Rc8 14. b3 b6
15. Qd3 g6 16. Be2 Bf6 17. a3 a5 18. b4 a4 19. b5 Re8 20. Qd1 Ra8 21. Bd3 Qc8
22. Rb1 1-0

[Event "AUTO-ADV-748"]
[Site "http://www.queenalice.com/game.php?id=324724"]
[Date "2007.12.23"]
[Round "1"]
[White "chrisnorman"]
[Black "PLDunton"]
[Result "0-1"]
[WhiteElo "1800"]
[BlackElo "1936"]

1. Nf3 d5 2. d4 Nc6 3. Nc3 Bf5 4. Bf4 Nf6 5. e3 a6 6. Be2 e6 7. h3 Bb4 8. O-O
Bxc3 9. bxc3 O-O 10. Bd3 Bxd3 11. Qxd3 Ne4 12. Rab1 f6 13. Rxb7 Nd6 14. Bxd6
Qxd6 15. c4 Nb4 16. c5 Nxd3 17. cxd6 cxd6 18. cxd3 Rfc8 19. Rb6 h6 20. Rxd6 Kf7
21. Rb1 Ra7 22. a4 a5 23. Rbb6 Rc3 24. Ra6 Rxa6 25. Rxa6 Rxd3 0-1

[Event "AUTO-ADV-748"]
[Site "http://www.queenalice.com/game.php?id=324731"]
[Date "2007.12.23"]
[Round "1"]
[White "Rafale2000"]
[Black "chrisnorman"]
[Result "1-0"]
[WhiteElo "1871"]
[BlackElo "1789"]

1. e4 e5 2. Nf3 Nc6 3. d4 exd4 4. Bc4 Bc5 5. c3 Qf6 6. Bg5 Qg6 7. O-O h6 8. cxd4
Bxd4 9. Bf4 Bxb2 10. Nbd2 Bxa1 11. Qxa1 d6 12. e5 Nge7 13. Re1 O-O 14. exd6 cxd6
15. Bb3 Bh3 16. Bg3 Bg4 17. Nh4 Qd3 18. Nhf3 Nf5 19. Bf4 Rad8 20. h3 Bxf3 21.
Nxf3 Ncd4 22. Nxd4 Nxd4 23. Rd1 Ne2+ 24. Kh1 Qa6 25. Be3 Rc8 26. Re1 Rfe8 27. g3
Qc6+ 28. Kh2 Qf3 29. Qd1 1-0

[Event "AUTO-ADV-748"]
[Site "http://www.queenalice.com/game.php?id=324732"]
[Date "2007.12.23"]
[Round "1"]
[White "chrisnorman"]
[Black "Rafale2000"]
[Result "0-1"]
[WhiteElo "1776"]
[BlackElo "1884"]

1. e4 Nf6 2. Nc3 d5 3. e5 Nfd7 4. d4 Nb6 5. Nf3 Bg4 6. Bd3 e6 7. O-O c5 8. b3
Be7 9. a4 cxd4 10. Bb5+ N8d7 11. Qxd4 Bf5 12. Ra2 O-O 13. Bd3 Bxd3 14. cxd3 Nb8
15. Qg4 Nc6 16. Bh6 g6 17. Bxf8 Kxf8 18. d4 Nb4 19. Rd2 a6 20. h4 h5 21. Qf4 Kg7
22. Ng5 Bxg5 23. Qxg5 Qd7 24. Qf6+ Kg8 25. a5 Nc8 26. Na4 Nc6 27. Nc5 Qe7 28.
Qxe7 N8xe7 29. Ra1 Nf5 0-1